| 000 | 00784nam a2200205Ii 4500 | ||
|---|---|---|---|
| 003 | JO-AjNU | ||
| 008 | 230605s9999||||xx |||||||||||||| ||und|| | ||
| 040 |
_aJO-AjNU _bara _erda _cJO-AjNU |
||
| 041 | _aara | ||
| 050 | 1 | 4 | _aBP195.B3.G53 2002 |
| 100 | 3 |
_aالغزالي، ابي حامد محمد بن محمد ؛ تقديم وضبط وتصحيح: عبد الكريم سامي الجندي, _eauthor _97991 |
|
| 245 | 0 | 0 | _aفضائح الباطنية وفضائل المستظهرية |
| 250 | _aط1 | ||
| 264 | 3 | 1 | _aبيروت: دار الكتب العلمية، 2002 |
| 300 | _a158ص | ||
| 336 |
_atext _btxt _2rdacontent |
||
| 337 |
_aunmediated _bn _2rdamedia |
||
| 338 |
_avolume _bnc _2rdacarrier |
||
| 650 | 4 |
_aالفرق الاسلامية- الباطنية- الشيعة _97992 |
|
| 999 |
_aA559 _c4127 _d4127 |
||